Statistics for Groups of 3 #3

Click here to take the quiz!

General Stats

  • This quiz has been taken 46 times
  • The average score is 26 of 75

Answer Stats

HintContextAnswer% Correct
Bronze
86%
Classes of Olympic medalsSportGold
86%
Scotland
86%
Silver
86%
Wales
84%
The three constituent countries of the UK located on the island of Great BritainGeographyEngland
82%
Rinse
75%
What are little girls made of?Nursery rhymesSugar
75%
France
73%
Spice
73%
Triple Entente participantsGeopolitics, 1907-1917United Kingdom
68%
First names of three accomplished students of the Hogwarts School of Witchcraft and WizardryFantasy literature and filmHarry
66%
Judicial
66%
The brothers Gibb, a.k.a. The Bee Gees“Stayin’ Alive” (1977)Barry
61%
Everything nice
61%
Branches of the U.S. governmentU.S. history and civicsExecutive
61%
Repeat
61%
Legislative
59%
Stereotypical shampoo instructionsIdiomsLather
57%
Russian Empire
57%
Concerns of an otorhinolaryngologistMedicineEar
55%
and {Nash}
52%
National motto of FranceMottoesLiberté
52%
Ron
52%
Folk rock supergroup, later joined by Neil YoungSuite: Judy Blue Eyes (1969)Crosby
50%
Puppy dogs’ {tails}
50%
Stills
50%
Hermione
48%
Nose
48%
and {Throat}
45%
Robin
45%
Fraternité
43%
Égalité
41%
Maurice
41%
Snails
41%
Question used in parlor guessing games to narrow down the answer, based on the three kingdoms established by Carl Linnaeus in Imperium NaturaeGamesAnimal
32%
Charity
27%
Theological virtues1 Corinthians 13:13Faith
27%
or {Mineral}?
27%
Vegetable
27%
Official emblem of the United States Marine CorpsMilitaryEagle
25%
What are little boys made of?Nursery rhymesSnips | Snakes
25%
Hope
23%
Vishnu
20%
Shiva
18%
Unity of {place}
18%
and {Anchor}
16%
Globe
14%
Unity of {time}
14%
Trimurti (Hindu “trinity”)Religious historyBrahma
11%
Country
11%
Honor
9%
Three SistersAnton Chekhov. Три сeстры́ (Three Sisters) (1901)Olga
9%
The Three Graces (Charites)Greek mythologyAglaea
7%
Bob Andrews
7%
Bullets
7%
Euphrosyne
7%
Irina
7%
Masha
7%
Thalia
7%
and {Candle}
5%
Description of a former Roman Catholic method of excommunication by anathemaReligious historyBell
5%
Book
5%
Corporal Paraplonk
5%
Motto of the United States Military Academy at West PointMottoesDuty
5%
Eve Black
5%
The Three Faces of Eve20th Century Fox. Nunnally Johnson, dir. (1957)Eve White
5%
Jane
5%
The Three InvestigatorsChildren’s literatureJupiter Jones
5%
Peter Crenshaw
5%
Private Goomp
5%
The Elite TrioNintendo. Mario & Luigi: Bowser’s Inside Story (2009)Sergeant Guy
5%
Aristotelian rules for dramatic structureAristotle. Περὶ ποιητικῆς (Poetics) (c. 335 BCE)Unity of {action}
5%
and {Bandages}
2%
The three Bs of materiel managementMilitaryBeans
2%

Score Distribution

Percentile by Number Answered

Percent of People with Each Score

Your Score History

You have not taken this quiz